<?xml version="1.0" encoding="UTF-8"?><marc:collection xmlns:marc="http://www.loc.gov/MARC21/slim">
  <marc:record>
    <marc:leader>00000ngm  2200000zi 4500</marc:leader>
    <marc:controlfield tag="001">9.881866</marc:controlfield>
    <marc:controlfield tag="003">CaOODSP</marc:controlfield>
    <marc:controlfield tag="005">20210625055022</marc:controlfield>
    <marc:controlfield tag="006">m     o  c f      </marc:controlfield>
    <marc:controlfield tag="007">cr cna|||a||||</marc:controlfield>
    <marc:controlfield tag="008">191112s2006    onc079       fo   vlfre d</marc:controlfield>
    <marc:datafield tag="040" ind1=" " ind2=" ">
      <marc:subfield code="a">CaOODSP</marc:subfield>
      <marc:subfield code="b">fre</marc:subfield>
      <marc:subfield code="e">rda</marc:subfield>
      <marc:subfield code="c">CaOODSP</marc:subfield>
    </marc:datafield>
    <marc:datafield tag="043" ind1=" " ind2=" ">
      <marc:subfield code="a">n-cn---</marc:subfield>
    </marc:datafield>
    <marc:datafield tag="086" ind1="1" ind2=" ">
      <marc:subfield code="a">SC102-1/11-2006F-MP4</marc:subfield>
    </marc:datafield>
    <marc:datafield tag="245" ind1="0" ind2="4">
      <marc:subfield code="a">[Le grand zèle].</marc:subfield>
    </marc:datafield>
    <marc:datafield tag="246" ind1="1" ind2=" ">
      <marc:subfield code="i">Vidéos du PFL2-C: </marc:subfield>
      <marc:subfield code="a">Programme de français langue seconde - Niveau C</marc:subfield>
    </marc:datafield>
    <marc:datafield tag="264" ind1=" " ind2="1">
      <marc:subfield code="a">[Ottawa] : </marc:subfield>
      <marc:subfield code="b">École de la fonction publique du Canada, </marc:subfield>
      <marc:subfield code="c">[2006]</marc:subfield>
    </marc:datafield>
    <marc:datafield tag="300" ind1=" " ind2=" ">
      <marc:subfield code="a">1 ressource en ligne (29 fichier vidéo (79 min.)) : </marc:subfield>
      <marc:subfield code="b">sonore, couleur</marc:subfield>
    </marc:datafield>
    <marc:datafield tag="336" ind1=" " ind2=" ">
      <marc:subfield code="a">image animée bidimensionnelle</marc:subfield>
      <marc:subfield code="b">tdi</marc:subfield>
      <marc:subfield code="2">rdacontent/fre</marc:subfield>
    </marc:datafield>
    <marc:datafield tag="337" ind1=" " ind2=" ">
      <marc:subfield code="a">informatique</marc:subfield>
      <marc:subfield code="b">c</marc:subfield>
      <marc:subfield code="2">rdamedia/fre</marc:subfield>
    </marc:datafield>
    <marc:datafield tag="338" ind1=" " ind2=" ">
      <marc:subfield code="a">ressource en ligne</marc:subfield>
      <marc:subfield code="b">cr</marc:subfield>
      <marc:subfield code="2">rdacarrier/fre</marc:subfield>
    </marc:datafield>
    <marc:datafield tag="500" ind1=" " ind2=" ">
      <marc:subfield code="a">Titre fourni par l'éditeur.</marc:subfield>
    </marc:datafield>
    <marc:datafield tag="538" ind1=" " ind2=" ">
      <marc:subfield code="a">Configuration requise : Logiciel de lecture multimédia tels que Lecteur Windows Media.</marc:subfield>
    </marc:datafield>
    <marc:datafield tag="538" ind1=" " ind2=" ">
      <marc:subfield code="a">Mode d'accès : World Wide Web.</marc:subfield>
    </marc:datafield>
    <marc:datafield tag="650" ind1=" " ind2="6">
      <marc:subfield code="a">Français (Langue)</marc:subfield>
      <marc:subfield code="x">Étude et enseignement</marc:subfield>
      <marc:subfield code="x">Anglophones.</marc:subfield>
    </marc:datafield>
    <marc:datafield tag="650" ind1=" " ind2="0">
      <marc:subfield code="a">French language</marc:subfield>
      <marc:subfield code="x">Study and teaching</marc:subfield>
      <marc:subfield code="x">English speakers.</marc:subfield>
    </marc:datafield>
    <marc:datafield tag="710" ind1="2" ind2=" ">
      <marc:subfield code="a">École de la fonction publique du Canada.</marc:subfield>
    </marc:datafield>
    <marc:datafield tag="856" ind1="4" ind2="0">
      <marc:subfield code="q">MP4</marc:subfield>
      <marc:subfield code="s">7.65 Mo</marc:subfield>
      <marc:subfield code="u">https://publications.gc.ca/collections/collection_2019/efpc-csps/SC102-1-11-2006/SC102-1-11-2006-1-1-fra.mp4</marc:subfield>
      <marc:subfield code="z">Module 1 - Les quatre types de stress - Partie 1</marc:subfield>
    </marc:datafield>
    <marc:datafield tag="856" ind1="4" ind2="0">
      <marc:subfield code="q">MP4</marc:subfield>
      <marc:subfield code="s">5.00 Mo</marc:subfield>
      <marc:subfield code="u">https://publications.gc.ca/collections/collection_2019/efpc-csps/SC102-1-11-2006/SC102-1-11-2006-1-2-fra.mp4</marc:subfield>
      <marc:subfield code="z">Module 1 - Les quatre types de stress - Partie 2</marc:subfield>
    </marc:datafield>
    <marc:datafield tag="856" ind1="4" ind2="0">
      <marc:subfield code="q">MP4</marc:subfield>
      <marc:subfield code="s">8.29 Mo</marc:subfield>
      <marc:subfield code="u">https://publications.gc.ca/collections/collection_2019/efpc-csps/SC102-1-11-2006/SC102-1-11-2006-2-1-1-01-fra.mp4</marc:subfield>
      <marc:subfield code="z">Module 2 - Le grand zèle - (segment 1 - partie 1) - 01 Intro</marc:subfield>
    </marc:datafield>
    <marc:datafield tag="856" ind1="4" ind2="0">
      <marc:subfield code="q">MP4</marc:subfield>
      <marc:subfield code="s">14.18 Mo</marc:subfield>
      <marc:subfield code="u">https://publications.gc.ca/collections/collection_2019/efpc-csps/SC102-1-11-2006/SC102-1-11-2006-2-1-1-02-fra.mp4</marc:subfield>
      <marc:subfield code="z">Module 2 - Le grand zèle - (segment 1 - partie 1) - 02 Rétrogradation</marc:subfield>
    </marc:datafield>
    <marc:datafield tag="856" ind1="4" ind2="0">
      <marc:subfield code="q">MP4</marc:subfield>
      <marc:subfield code="s">25.49 Mo</marc:subfield>
      <marc:subfield code="u">https://publications.gc.ca/collections/collection_2019/efpc-csps/SC102-1-11-2006/SC102-1-11-2006-2-1-1-03-fra.mp4</marc:subfield>
      <marc:subfield code="z">Module 2 - Le grand zèle - (segment 1 - partie 1) - 03 Maison</marc:subfield>
    </marc:datafield>
    <marc:datafield tag="856" ind1="4" ind2="0">
      <marc:subfield code="q">MP4</marc:subfield>
      <marc:subfield code="s">9.94 Mo</marc:subfield>
      <marc:subfield code="u">https://publications.gc.ca/collections/collection_2019/efpc-csps/SC102-1-11-2006/SC102-1-11-2006-2-1-1-04-fra.mp4</marc:subfield>
      <marc:subfield code="z">Module 2 - Le grand zèle - (segment 1 - partie 1) - 04 Emménagement</marc:subfield>
    </marc:datafield>
    <marc:datafield tag="856" ind1="4" ind2="0">
      <marc:subfield code="q">MP4</marc:subfield>
      <marc:subfield code="s">9.54 Mo</marc:subfield>
      <marc:subfield code="u">https://publications.gc.ca/collections/collection_2019/efpc-csps/SC102-1-11-2006/SC102-1-11-2006-2-1-2-05-fra.mp4</marc:subfield>
      <marc:subfield code="z">Module 2 - Le grand zèle - (segment 1 - partie 2) - 05 Désaccord</marc:subfield>
    </marc:datafield>
    <marc:datafield tag="856" ind1="4" ind2="0">
      <marc:subfield code="q">MP4</marc:subfield>
      <marc:subfield code="s">4.90 Mo</marc:subfield>
      <marc:subfield code="u">https://publications.gc.ca/collections/collection_2019/efpc-csps/SC102-1-11-2006/SC102-1-11-2006-2-1-2-06-fra.mp4</marc:subfield>
      <marc:subfield code="z">Module 2 - Le grand zèle - (segment 1 - partie 2) - 06 Téléphone</marc:subfield>
    </marc:datafield>
    <marc:datafield tag="856" ind1="4" ind2="0">
      <marc:subfield code="q">MP4</marc:subfield>
      <marc:subfield code="s">19.67 Mo</marc:subfield>
      <marc:subfield code="u">https://publications.gc.ca/collections/collection_2019/efpc-csps/SC102-1-11-2006/SC102-1-11-2006-2-1-2-07-fra.mp4</marc:subfield>
      <marc:subfield code="z">Module 2 - Le grand zèle - (segment 1 - partie 2) - 07 Psy</marc:subfield>
    </marc:datafield>
    <marc:datafield tag="856" ind1="4" ind2="0">
      <marc:subfield code="q">MP4</marc:subfield>
      <marc:subfield code="s">4.56 Mo</marc:subfield>
      <marc:subfield code="u">https://publications.gc.ca/collections/collection_2019/efpc-csps/SC102-1-11-2006/SC102-1-11-2006-2-1-2-08-fra.mp4</marc:subfield>
      <marc:subfield code="z">Module 2 - Le grand zèle - (segment 1 - partie 2) - 08 Collègues</marc:subfield>
    </marc:datafield>
    <marc:datafield tag="856" ind1="4" ind2="0">
      <marc:subfield code="q">MP4</marc:subfield>
      <marc:subfield code="s">18.60 Mo</marc:subfield>
      <marc:subfield code="u">https://publications.gc.ca/collections/collection_2019/efpc-csps/SC102-1-11-2006/SC102-1-11-2006-2-1-2-09-fra.mp4</marc:subfield>
      <marc:subfield code="z">Module 2 - Le grand zèle - (segment 1 - partie 2) - 09 Président</marc:subfield>
    </marc:datafield>
    <marc:datafield tag="856" ind1="4" ind2="0">
      <marc:subfield code="q">MP4</marc:subfield>
      <marc:subfield code="s">14.00 Mo</marc:subfield>
      <marc:subfield code="u">https://publications.gc.ca/collections/collection_2019/efpc-csps/SC102-1-11-2006/SC102-1-11-2006-2-2-10-fra.mp4</marc:subfield>
      <marc:subfield code="z">Module 2 - Le grand zèle - (segment 2) - 10 Crémaillère</marc:subfield>
    </marc:datafield>
    <marc:datafield tag="856" ind1="4" ind2="0">
      <marc:subfield code="q">MP4</marc:subfield>
      <marc:subfield code="s">13.03 Mo</marc:subfield>
      <marc:subfield code="u">https://publications.gc.ca/collections/collection_2019/efpc-csps/SC102-1-11-2006/SC102-1-11-2006-2-2-11-fra.mp4</marc:subfield>
      <marc:subfield code="z">Module 2 - Le grand zèle - (segment 2) - 11 Nuit</marc:subfield>
    </marc:datafield>
    <marc:datafield tag="856" ind1="4" ind2="0">
      <marc:subfield code="q">MP4</marc:subfield>
      <marc:subfield code="s">14.30 Mo</marc:subfield>
      <marc:subfield code="u">https://publications.gc.ca/collections/collection_2019/efpc-csps/SC102-1-11-2006/SC102-1-11-2006-2-2-12-fra.mp4</marc:subfield>
      <marc:subfield code="z">Module 2 - Le grand zèle - (segment 2) - 12 Réconciliation</marc:subfield>
    </marc:datafield>
    <marc:datafield tag="856" ind1="4" ind2="0">
      <marc:subfield code="q">MP4</marc:subfield>
      <marc:subfield code="s">16.39 Mo</marc:subfield>
      <marc:subfield code="u">https://publications.gc.ca/collections/collection_2019/efpc-csps/SC102-1-11-2006/SC102-1-11-2006-2-2-13-fra.mp4</marc:subfield>
      <marc:subfield code="z">Module 2 - Le grand zèle - (segment 2) - 13 Lundi matin</marc:subfield>
    </marc:datafield>
    <marc:datafield tag="856" ind1="4" ind2="0">
      <marc:subfield code="q">MP4</marc:subfield>
      <marc:subfield code="s">18.11 Mo</marc:subfield>
      <marc:subfield code="u">https://publications.gc.ca/collections/collection_2019/efpc-csps/SC102-1-11-2006/SC102-1-11-2006-2-2-14-fra.mp4</marc:subfield>
      <marc:subfield code="z">Module 2 - Le grand zèle - (segment 2) - 14 Conflits</marc:subfield>
    </marc:datafield>
    <marc:datafield tag="856" ind1="4" ind2="0">
      <marc:subfield code="q">MP4</marc:subfield>
      <marc:subfield code="s">12.21 Mo</marc:subfield>
      <marc:subfield code="u">https://publications.gc.ca/collections/collection_2019/efpc-csps/SC102-1-11-2006/SC102-1-11-2006-2-2-15-fra.mp4</marc:subfield>
      <marc:subfield code="z">Module 2 - Le grand zèle - (segment 2) - 15 Dehors</marc:subfield>
    </marc:datafield>
    <marc:datafield tag="856" ind1="4" ind2="0">
      <marc:subfield code="q">MP4</marc:subfield>
      <marc:subfield code="s">26.43 Mo</marc:subfield>
      <marc:subfield code="u">https://publications.gc.ca/collections/collection_2019/efpc-csps/SC102-1-11-2006/SC102-1-11-2006-2-2-16-fra.mp4</marc:subfield>
      <marc:subfield code="z">Module 2 - Le grand zèle - (segment 2) - 16 Manigances</marc:subfield>
    </marc:datafield>
    <marc:datafield tag="856" ind1="4" ind2="0">
      <marc:subfield code="q">MP4</marc:subfield>
      <marc:subfield code="s">9.73 Mo</marc:subfield>
      <marc:subfield code="u">https://publications.gc.ca/collections/collection_2019/efpc-csps/SC102-1-11-2006/SC102-1-11-2006-2-2-17-fra.mp4</marc:subfield>
      <marc:subfield code="z">Module 2 - Le grand zèle - (segment 2) - 17 Troubles</marc:subfield>
    </marc:datafield>
    <marc:datafield tag="856" ind1="4" ind2="0">
      <marc:subfield code="q">MP4</marc:subfield>
      <marc:subfield code="s">29.16 Mo</marc:subfield>
      <marc:subfield code="u">https://publications.gc.ca/collections/collection_2019/efpc-csps/SC102-1-11-2006/SC102-1-11-2006-2-3-18-fra.mp4</marc:subfield>
      <marc:subfield code="z">Module 2 - Le grand zèle - (segment 3) - 18 Espionnage 1</marc:subfield>
    </marc:datafield>
    <marc:datafield tag="856" ind1="4" ind2="0">
      <marc:subfield code="q">MP4</marc:subfield>
      <marc:subfield code="s">17.20 Mo</marc:subfield>
      <marc:subfield code="u">https://publications.gc.ca/collections/collection_2019/efpc-csps/SC102-1-11-2006/SC102-1-11-2006-2-3-19-fra.mp4</marc:subfield>
      <marc:subfield code="z">Module 2 - Le grand zèle - (segment 3) - 19 Désordre</marc:subfield>
    </marc:datafield>
    <marc:datafield tag="856" ind1="4" ind2="0">
      <marc:subfield code="q">MP4</marc:subfield>
      <marc:subfield code="s">23.74 Mo</marc:subfield>
      <marc:subfield code="u">https://publications.gc.ca/collections/collection_2019/efpc-csps/SC102-1-11-2006/SC102-1-11-2006-2-3-20-fra.mp4</marc:subfield>
      <marc:subfield code="z">Module 2 - Le grand zèle - (segment 3) - 20 Espionnage 2</marc:subfield>
    </marc:datafield>
    <marc:datafield tag="856" ind1="4" ind2="0">
      <marc:subfield code="q">MP4</marc:subfield>
      <marc:subfield code="s">17.51 Mo</marc:subfield>
      <marc:subfield code="u">https://publications.gc.ca/collections/collection_2019/efpc-csps/SC102-1-11-2006/SC102-1-11-2006-2-3-21-fra.mp4</marc:subfield>
      <marc:subfield code="z">Module 2 - Le grand zèle - (segment 3) - 21 Anarchie</marc:subfield>
    </marc:datafield>
    <marc:datafield tag="856" ind1="4" ind2="0">
      <marc:subfield code="q">MP4</marc:subfield>
      <marc:subfield code="s">21.09 Mo</marc:subfield>
      <marc:subfield code="u">https://publications.gc.ca/collections/collection_2019/efpc-csps/SC102-1-11-2006/SC102-1-11-2006-2-3-22-fra.mp4</marc:subfield>
      <marc:subfield code="z">Module 2 - Le grand zèle - (segment 3) - 22 Vainqueur</marc:subfield>
    </marc:datafield>
    <marc:datafield tag="856" ind1="4" ind2="0">
      <marc:subfield code="q">MP4</marc:subfield>
      <marc:subfield code="s">11.27 Mo</marc:subfield>
      <marc:subfield code="u">https://publications.gc.ca/collections/collection_2019/efpc-csps/SC102-1-11-2006/SC102-1-11-2006-2-3-23-fra.mp4</marc:subfield>
      <marc:subfield code="z">Module 2 - Le grand zèle - (segment 3) - 23 Séparation</marc:subfield>
    </marc:datafield>
    <marc:datafield tag="856" ind1="4" ind2="0">
      <marc:subfield code="q">MP4</marc:subfield>
      <marc:subfield code="s">6.00 Mo</marc:subfield>
      <marc:subfield code="u">https://publications.gc.ca/collections/collection_2019/efpc-csps/SC102-1-11-2006/SC102-1-11-2006-2-3-24-fra.mp4</marc:subfield>
      <marc:subfield code="z">Module 2 - Le grand zèle - (segment 3) - 24 Crédits</marc:subfield>
    </marc:datafield>
    <marc:datafield tag="856" ind1="4" ind2="0">
      <marc:subfield code="q">MP4</marc:subfield>
      <marc:subfield code="s">8.18 Mo</marc:subfield>
      <marc:subfield code="u">https://publications.gc.ca/collections/collection_2019/efpc-csps/SC102-1-11-2006/SC102-1-11-2006-3-1-fra.mp4</marc:subfield>
      <marc:subfield code="z">Module 3 - Le grand zèle - Dispute 1</marc:subfield>
    </marc:datafield>
    <marc:datafield tag="856" ind1="4" ind2="0">
      <marc:subfield code="q">MP4</marc:subfield>
      <marc:subfield code="s">8.78 Mo</marc:subfield>
      <marc:subfield code="u">https://publications.gc.ca/collections/collection_2019/efpc-csps/SC102-1-11-2006/SC102-1-11-2006-3-2-fra.mp4</marc:subfield>
      <marc:subfield code="z">Module 3 - Le grand zèle - Dispute 2</marc:subfield>
    </marc:datafield>
    <marc:datafield tag="856" ind1="4" ind2="0">
      <marc:subfield code="q">MP4</marc:subfield>
      <marc:subfield code="s">5.25 Mo</marc:subfield>
      <marc:subfield code="u">https://publications.gc.ca/collections/collection_2019/efpc-csps/SC102-1-11-2006/SC102-1-11-2006-3-01-fra.mp4</marc:subfield>
      <marc:subfield code="z">Module 3 - L'équipe efficace - Partie 01</marc:subfield>
    </marc:datafield>
    <marc:datafield tag="856" ind1="4" ind2="0">
      <marc:subfield code="q">MP4</marc:subfield>
      <marc:subfield code="s">5.51 Mo</marc:subfield>
      <marc:subfield code="u">https://publications.gc.ca/collections/collection_2019/efpc-csps/SC102-1-11-2006/SC102-1-11-2006-3-02-fra.mp4</marc:subfield>
      <marc:subfield code="z">Module 3 - L'équipe efficace - Partie 02</marc:subfield>
    </marc:datafield>
    <marc:datafield tag="856" ind1="4" ind2="0">
      <marc:subfield code="q">MP4</marc:subfield>
      <marc:subfield code="s">2.39 Mo</marc:subfield>
      <marc:subfield code="u">https://publications.gc.ca/collections/collection_2019/efpc-csps/SC102-1-11-2006/SC102-1-11-2006-3-03-fra.mp4</marc:subfield>
      <marc:subfield code="z">Module 3 - L'équipe efficace - Partie 03</marc:subfield>
    </marc:datafield>
  </marc:record>
</marc:collection>
